Normal view
MARC view
- Jain, P.C; .
Entry Personal Name
001 - CONTROL NUMBER
- control field: 1318
003 - CONTROL NUMBER IDENTIFIER
- control field: OSt
005 - DATE AND TIME OF LATEST TRANSACTION
- control field: 20160826160417.0
008 - FIXED-LENGTH DATA ELEMENTS
- fixed length control field: 160826|| aca||aabn | a|a d
040 ## - CATALOGING SOURCE
- Original cataloging agency: OSt
- Transcribing agency: OSt
100 ## - HEADING--PERSONAL NAME
- Personal name: Jain, P.C; .
670 ## - SOURCE DATA FOUND
- Source citation: Work cat.: (OSt)12948: Jain, P.C; ., Engineering Chemistry [Chemisry of Engineering Materials], (A Modern Approach), 2006, 2013
